Catálogo

CIRUGIA GINECOLOGICA (Registro nro. 50575)

Detalles MARC
000 -LEADER
fixed length control field 01148nam a2200229 a 4500
001 - CONTROL NUMBER
control field 50575
005 - DATE AND TIME OF LATEST TRANSACTION
control field 20180714035701.0
008 - FIXED-LENGTH DATA ELEMENTS--GENERAL INFORMATION
fixed length control field 140415s1978 mx 000 0 spa d
020 ## - INTERNATIONAL STANDARD BOOK NUMBER
International Standard Book Number 9682500338
041 ## - LANGUAGE CODE
Language code of text/sound track or separate title spa
082 ## - DEWEY DECIMAL CLASSIFICATION NUMBER
Classification number 618.145
Item number RID
100 1# - MAIN ENTRY--PERSONAL NAME
Personal name RIDLEY, JOHN H.
245 10 - TITLE STATEMENT
Title CIRUGIA GINECOLOGICA
250 ## - EDITION STATEMENT
Edition statement 1a ed.
260 ## - PUBLICATION, DISTRIBUTION, ETC.
Place of publication, distribution, etc. MEXICO :
Name of publisher, distributor, etc. NUEVA EDITORIAL INTERAMERICANA,
Date of publication, distribution, etc. 1978
300 ## - PHYSICAL DESCRIPTION
Extent 754
Dimensions 18.2 x 1.7 x 26.1
520 ## - SUMMARY, ETC.
Summary, etc. EL ENFOQUE FUNDAMENTAL DE ESTE TRATADO ES SUGERIR UNA NOCION GENERAL DE OPERAR PREVIENDO POSIBLES ERRORES, NO OPERAR CON TEMOS SINO INTERVENIR SIN TITUBEOS, SABIENDO QUE SI SE COMETEN ESTOS ERRORES QUE EN UNA CARRERA A VECES SON INEVITABLES, EL CIRUJANO SABRA COMO RECONOCERLOS Y EMPRENDER INMEDIATAMENTE LA ACCION ADECUADA PARA CORREGIRLOS. ESTA OBRA TIENE OTRA FINALIDAD AL EXPLICAR QUE ALGUNOS ERRORES SON PREDECIBLEMETNE POSIBLES, Y, EN CONSECUENCIA, NO DEPENDEN DE NEGLIGENCIA INDIVIDU
650 14 - SUBJECT ADDED ENTRY--TOPICAL TERM
Topical term or geographic name entry element CIRUGIA
General subdivision GINECOLOGIA
700 1# - ADDED ENTRY--PERSONAL NAME
Personal name VELA TREVIÑO, HOMERO
Relator term tr.
740 ## - ADDED ENTRY--UNCONTROLLED RELATED/ANALYTICAL TITLE
Uncontrolled related/analytical title GYNECOLOGIC SURGERY -ERRORS, SAFEGUARDS, AND SALVAGE
700 1# - ADDED ENTRY--PERSONAL NAME
Personal name TE LINDE, RICHARD W.
Relator term coaut.
Existencias
Withdrawn status Lost status Source of classification or shelving scheme Damaged status Not for loan Collection code Home library Current library Shelving location Date acquired Source of acquisition Inventory number Total Checkouts Full call number Barcode Date last seen Price effective from Koha item type
    Dewey Decimal Classification     Referencia Biblioteca Karol Wojtyla Biblioteca Karol Wojtyla Área de silencio 03/12/2013 Compra 151000000000000000007389   618.145 RID 75515 05/01/2026 03/12/2013 Libro R